Парадигми на политическата наука (Запис номер 67932)
[ съкратено ]
| 000 -Лидер | |
|---|---|
| Контролно поле с фиксирана дължина | 01953nam a2200445 c 4500 |
| 003 - Код на организацията, давaща контролен номер | |
| Контролно поле | BLK |
| 005 - Дата и час на последна редакция | |
| Контролно поле | 20180422102937.0 |
| 008 - Елементи от данни с фиксирана дължина | |
| fixed length control field | 180408b bul|||||r ||||||| ||bul|| |
| 010 ## - Наследен системен номер | |
| LC control number | KNG00072248000 |
| 020 ## - Международен стандартен номер на книга ISBN | |
| Международен стандартен номер на книга ISBN | 978-954-8887-82-3 |
| -- | издат.: За буквите - О писменехь |
| 040 ## - Източник на каталожния запис | |
| Идентификатор на билиотеката - собственик на записа | BLK |
| 041 ## - Код за език | |
| Код за езика на текст/звукозапис или на отделно заглавие | Български |
| Код за езика КДБФ | Български |
| 072 #7 - Код за тематичната категория | |
| Код организация | bullib |
| Код за тематична категория | Н32 |
| Текст | Политика Н |
| 080 ## - УДК | |
| Текстов определител УДК | Политическа теория. Политическа идеология. Политология |
| УДК код - определител по УДК | 32.01 |
| УДК определител | |
| УДК - код + определител | 32.01 |
| 080 ## - УДК | |
| Текстов определител УДК | Обща теория на държавата. Теория (философия) на властта. Вж и 323.2 ; 342.1 ; 343.2 |
| УДК код - определител по УДК | 321.01 |
| УДК определител | |
| УДК - код + определител | 321.01 |
| 100 1# - Редна дума - Автор | |
| Автор | Карталов, Кирил Пламен |
| Авторска отговорност | първи автор |
| R(LIN) | 293681 |
| 139 ## - Редно поле | |
| Редна дума | Карталов, Кирил Пламен |
| Авторски знак | Карт - К 44 |
| 245 10 - Сведения за заглавието | |
| Заглавие | Парадигми на политическата наука |
| Редно поле (дума) | Кирил Пламен Карталов; прев. от итал. Симеон Георгиев Тодоров. |
| 257 ## - Страна на издаване | |
| Страна на създаване/издаване | България |
| 260 ## - Област на издателските данни | |
| -- | София |
| Име на издателя, разпространителя и проч. | За буквите - О писменехь |
| Година на издаване | 2010 |
| Печатница | София : Авангард |
| 300 ## - Физическа характеристика | |
| Страници | 481 с. |
| Размери/Мащаб | 23 см |
| 380 ## - Жанр | |
| Жанр | Обществени науки |
| 490 1# - СЕРИИ (Колекции) | |
| Име на серия | Utilitas Communis |
| №: серия | 1 |
| 500 ## - Общи забележки | |
| Забележка | Без сведение за ориг. загл. - Библиогр. с. 455-480. |
| 650 #4 - Допълнително описание по предмет – тема | |
| Основно описание – тема или топоним | Политическа наука |
| 9 (RLIN) | 250352 |
| 650 #4 - Допълнително описание по предмет – тема | |
| Основно описание – тема или топоним | Обществено-политически учения |
| 9 (RLIN) | 273450 |
| 650 #4 - Допълнително описание по предмет – тема | |
| Основно описание – тема или топоним | Власт |
| 9 (RLIN) | 150918 |
| 650 #4 - Допълнително описание по предмет – тема | |
| Основно описание – тема или топоним | Държава |
| 9 (RLIN) | 153992 |
| 653 ## - Ключова дума – ненормативна | |
| Ключова дума | политическа наука |
| 653 ## - Ключова дума – ненормативна | |
| Ключова дума | политически учения |
| 653 ## - Ключова дума – ненормативна | |
| Ключова дума | власт |
| 653 ## - Ключова дума – ненормативна | |
| Ключова дума | държавна власт |
| 659 ## - Тематичен бюлетин | |
| Тематичен бюлетин | Н |
| 700 1# - Други автори (авторска отговорност) | |
| Лично име | Тодоров, Симеон Георгиев |
| Автороска отговорност (Описва отношението между автора и произведението) | прев. от итал. |
| 9 (RLIN) | 370887 |
| 852 ## - Местоположение | |
| Форматна сигнатура | Цб 253011 |
| 856 4# - Електронен адрес и достъп | |
| Електронен формат | pdf - файл |
| Път до файла /url/ | |
| 856 4# - Електронен адрес и достъп | |
| Електронен формат | pdf - файл |
| Път до файла /url/ | |
| 942 ## - АРТИКУЛИ | |
| Вид на библиотечния материал | Книги |
| Скрит в OPAC | Не |
| 944 ## - СЪЗДАВАНЕ И РЕДАКЦИЯ на ЗАПИСА | |
| Създаване/Редакция | Създаване |
| Дата на регистрацията/редакция | 27.09.2011 |
| Служител, извършил регистрацията/редакцията | Валя_Йорданова |
| 944 ## - СЪЗДАВАНЕ И РЕДАКЦИЯ на ЗАПИСА | |
| Създаване/Редакция | Редакция |
| Дата на регистрацията/редакция | 27.09.2011 |
| Служител, извършил регистрацията/редакцията | |
| 999 ## - СИСТЕМНИ КОНТРОЛНИ НОМЕРА | |
| Koha biblionumber | 67932 |
| Koha biblioitemnumber | 67932 |
| Код за отписване | Код за изгубен артикул | Код за повреда | Коз за рестрикции | Код за отдаване | Артикулен № | Име на библиотеката - собственик | Име на библиотеката, в която се намира в момента | Статус (Текущо местоположение) | Дата на вписване в системата | Местоположение - отдел | Цена в лева | Инвентарен номер | Систематично азбучна сигнатура | Баркод | Номер на екземпляра | Цена в евро | Служебна бележка | Служебен тип на артикула |
|---|---|---|---|---|---|---|---|---|---|---|---|---|---|---|---|---|---|---|
| Не е изгубен | Не е повреден | без рестрикции | ползва се в читалня | 111983 | Регионална библиотека "Любен Каравелов" Русе | Регионална библиотека "Любен Каравелов" Русе | Хранилище | 2011-09-26 | Хранилище | 20.00 | 120000753264 | Цб 253011 | 120000753264 | 1 | 10.23 | Дост: Dp Вид: Д N: 9 Дата: 28.02.2011 | Книги |